000 01046cab a2200457 4500
001 ABS49447
008 090401t1993 xxu||||| |||| 00| 0 eng d
035 _a(Sirsi) u71301
041 _aeng
245 _aCentrefolio : A40/M40
260 _c1993
350 _a0
490 _aCSW - The Property Week
_v45(1) 7 October 1993, 41-67(12)
650 _aA40
650 _aANGI
650 _aBANBURY
650 _aBICESTER
650 _aBRENT
650 _aDAZAS UK
650 _aEALING
650 _aHIGHWYCOMBE
650 _aHILLINGDON
650 _aINDUSTRIAL
650 _aLEAMINGTON SPA
650 _aM40
650 _aMENTOR
650 _aOCCUPIER PROFILES
650 _aOFFICES
650 _aOVERSUPPLY
650 _aOXFORD
650 _aPLANNING
650 _aRENTS
650 _aRETAIL
650 _aROAD TEST
650 _aTRANSPORT
650 _aVALUE RETAIL
650 _aWARWICK
690 _aPROPERTY-COMMERCIAL PROPERTY-COMMERCIAL PROPERTY MARKET
942 _n0
948 _c04/03/1997
999 _c44931
_d44931